<?xml version="1.0" encoding="UTF-8"?>
<marc:record xmlns:marc="http://www.loc.gov/MARC21/slim">
   <marc:leader>00000nam a2200000 a 4500</marc:leader>
   <marc:datafield ind1="0" ind2="0" tag="245">
      <marc:subfield code="a">Psychologie Heute; 2026/02/2026</marc:subfield>
   </marc:datafield>
   <marc:datafield ind1="0" ind2="0" tag="245">
      <marc:subfield code="b">Du bist dein bester Coach / Wie uns innere Bilder helfen, echte Veränderungen zu erzielen / Autismus. Warum er häufiger diagnostiziert wird / "Sag ich halt ab". Über die neue Unverbindlichkeit / Erich Fromm. Was würde er zur Polykrise sagen? / Plus: KI in</marc:subfield>
   </marc:datafield>
   <marc:datafield ind1=" " ind2="1" tag="264">
      <marc:subfield code="b">Beltz</marc:subfield>
      <marc:subfield code="c">2026</marc:subfield>
   </marc:datafield>
   <marc:datafield ind1="3" ind2=" " tag="024">
      <marc:subfield code="a">4190694006900</marc:subfield>
   </marc:datafield>
</marc:record>
